<?xml version="1.0" encoding="UTF-8"?>
<record
    xmlns:xsi="http://www.w3.org/2001/XMLSchema-instance"
    xsi:schemaLocation="http://www.loc.gov/MARC21/slim http://www.loc.gov/standards/marcxml/schema/MARC21slim.xsd"
    xmlns="http://www.loc.gov/MARC21/slim">

  <leader>01148pam a2200349 i 4500</leader>
  <controlfield tag="001">vtls000899728</controlfield>
  <controlfield tag="003">PNM</controlfield>
  <controlfield tag="005">20210418095100.0</controlfield>
  <controlfield tag="008">200311s2020    my a   e      000 0 may  </controlfield>
  <datafield tag="015" ind1=" " ind2=" ">
    <subfield code="a">M20-08535</subfield>
  </datafield>
  <datafield tag="020" ind1=" " ind2=" ">
    <subfield code="a">9789671773925</subfield>
    <subfield code="q">paperback</subfield>
    <subfield code="c">RM35.00</subfield>
  </datafield>
  <datafield tag="039" ind1=" " ind2="9">
    <subfield code="a">202011160813</subfield>
    <subfield code="b">rosliza</subfield>
    <subfield code="c">202010282124</subfield>
    <subfield code="d">azizan</subfield>
    <subfield code="c">202009290808</subfield>
    <subfield code="d">rasidah</subfield>
    <subfield code="c">202003131529</subfield>
    <subfield code="d">amy_z</subfield>
  </datafield>
  <datafield tag="040" ind1=" " ind2=" ">
    <subfield code="a">BNM</subfield>
    <subfield code="b">eng</subfield>
    <subfield code="c">BNM</subfield>
    <subfield code="e">rda</subfield>
    <subfield code="d">PPAK</subfield>
  </datafield>
  <datafield tag="049" ind1=" " ind2=" ">
    <subfield code="a">mal</subfield>
  </datafield>
  <datafield tag="082" ind1="0" ind2="4">
    <subfield code="a">332.72209595</subfield>
    <subfield code="2">23</subfield>
  </datafield>
  <datafield tag="090" ind1="0" ind2="0">
    <subfield code="a">332.72209595</subfield>
    <subfield code="b">LEE</subfield>
    <subfield code="d">G</subfield>
  </datafield>
  <datafield tag="100" ind1="1" ind2=" ">
    <subfield code="a">Lee, Kenny,</subfield>
    <subfield code="e">author.</subfield>
    <subfield code="d">1985-</subfield>
  </datafield>
  <datafield tag="245" ind1="1" ind2="0">
    <subfield code="a">TOLONG LULUSKAN :</subfield>
    <subfield code="b">STRATEGI PINJAMAN RUMAH YANG ANDA BELUM TAHU /</subfield>
    <subfield code="c">KENNY LEE ; Suntingan: Rahmah Mokhtar</subfield>
  </datafield>
  <datafield tag="264" ind1=" " ind2="1">
    <subfield code="a">Semenyih, Selangor :</subfield>
    <subfield code="b">KASI TERBIT PLT,</subfield>
    <subfield code="c">2020</subfield>
  </datafield>
  <datafield tag="300" ind1=" " ind2=" ">
    <subfield code="a">255 pages :</subfield>
    <subfield code="b">illustrations ;</subfield>
    <subfield code="c">21 cm</subfield>
  </datafield>
  <datafield tag="336" ind1=" " ind2=" ">
    <subfield code="a">text</subfield>
    <subfield code="2">rdacontent</subfield>
  </datafield>
  <datafield tag="337" ind1=" " ind2=" ">
    <subfield code="a">unmediated</subfield>
    <subfield code="2">rdamedia</subfield>
  </datafield>
  <datafield tag="338" ind1=" " ind2=" ">
    <subfield code="a">volume</subfield>
    <subfield code="2">rdacarrier</subfield>
  </datafield>
  <datafield tag="650" ind1="1" ind2="0">
    <subfield code="a">Loans</subfield>
    <subfield code="z">Malaysia</subfield>
  </datafield>
  <datafield tag="650" ind1="2" ind2="0">
    <subfield code="a">Finance</subfield>
    <subfield code="z">Malaysia</subfield>
  </datafield>
  <datafield tag="650" ind1="2" ind2="0">
    <subfield code="a">House buying</subfield>
    <subfield code="z">Malaysia</subfield>
  </datafield>
  <datafield tag="650" ind1="2" ind2="0">
    <subfield code="a">Residential real estate</subfield>
    <subfield code="z">Malaysia</subfield>
  </datafield>
  <datafield tag="700" ind1="0" ind2=" ">
    <subfield code="a">Rahmah Mokhtar,</subfield>
    <subfield code="e">editor.</subfield>
  </datafield>
  <datafield tag="942" ind1=" " ind2=" ">
    <subfield code="2">ddc</subfield>
    <subfield code="c">B</subfield>
  </datafield>
  <datafield tag="949" ind1=" " ind2=" ">
    <subfield code="6">2000711549</subfield>
  </datafield>
  <datafield tag="949" ind1=" " ind2=" ">
    <subfield code="6">2000711550</subfield>
  </datafield>
  <datafield tag="999" ind1=" " ind2=" ">
    <subfield code="c">181390</subfield>
    <subfield code="d">181390</subfield>
  </datafield>
  <datafield tag="952" ind1=" " ind2=" ">
    <subfield code="0">0</subfield>
    <subfield code="7">0</subfield>
    <subfield code="b">PPAK</subfield>
    <subfield code="c">G</subfield>
    <subfield code="d">2021-04-26</subfield>
    <subfield code="l">5</subfield>
    <subfield code="o">332.72209595 LEE</subfield>
    <subfield code="p">A01689514</subfield>
    <subfield code="r">2023-05-18 00:00:00</subfield>
    <subfield code="s">2023-05-02</subfield>
    <subfield code="y">B</subfield>
  </datafield>
  <datafield tag="952" ind1=" " ind2=" ">
    <subfield code="0">0</subfield>
    <subfield code="7">0</subfield>
    <subfield code="b">SP</subfield>
    <subfield code="c">G</subfield>
    <subfield code="d">2021-04-26</subfield>
    <subfield code="l">12</subfield>
    <subfield code="m">5</subfield>
    <subfield code="o">332.72209595 LEE</subfield>
    <subfield code="p">A01689515</subfield>
    <subfield code="r">2026-06-09 16:35:48</subfield>
    <subfield code="s">2026-05-12</subfield>
    <subfield code="y">B</subfield>
  </datafield>
  <datafield tag="952" ind1=" " ind2=" ">
    <subfield code="0">0</subfield>
    <subfield code="7">0</subfield>
    <subfield code="b">KM</subfield>
    <subfield code="c">G</subfield>
    <subfield code="d">2021-04-26</subfield>
    <subfield code="l">1</subfield>
    <subfield code="o">332.72209595 LEE</subfield>
    <subfield code="p">A01689516</subfield>
    <subfield code="r">2023-07-08 11:08:31</subfield>
    <subfield code="s">2023-07-03</subfield>
    <subfield code="y">B</subfield>
  </datafield>
  <datafield tag="952" ind1=" " ind2=" ">
    <subfield code="0">0</subfield>
    <subfield code="7">0</subfield>
    <subfield code="b">BL</subfield>
    <subfield code="c">G</subfield>
    <subfield code="d">2021-04-26</subfield>
    <subfield code="l">2</subfield>
    <subfield code="o">332.72209595 LEE</subfield>
    <subfield code="p">A01689517</subfield>
    <subfield code="r">2023-03-19 00:00:00</subfield>
    <subfield code="s">2023-03-13</subfield>
    <subfield code="y">B</subfield>
  </datafield>
  <datafield tag="952" ind1=" " ind2=" ">
    <subfield code="0">0</subfield>
    <subfield code="7">0</subfield>
    <subfield code="b">BB</subfield>
    <subfield code="c">G</subfield>
    <subfield code="d">2021-04-26</subfield>
    <subfield code="o">332.72209595 LEE</subfield>
    <subfield code="p">A01689518</subfield>
    <subfield code="r">2021-04-26 00:00:00</subfield>
    <subfield code="y">B</subfield>
  </datafield>
  <datafield tag="952" ind1=" " ind2=" ">
    <subfield code="0">0</subfield>
    <subfield code="7">0</subfield>
    <subfield code="b">MR</subfield>
    <subfield code="c">G</subfield>
    <subfield code="d">2021-04-26</subfield>
    <subfield code="o">332.72209595 LEE</subfield>
    <subfield code="p">A01689519</subfield>
    <subfield code="r">2021-04-26 00:00:00</subfield>
    <subfield code="y">B</subfield>
  </datafield>
  <datafield tag="952" ind1=" " ind2=" ">
    <subfield code="0">0</subfield>
    <subfield code="7">0</subfield>
    <subfield code="b">YN</subfield>
    <subfield code="c">G</subfield>
    <subfield code="d">2021-04-26</subfield>
    <subfield code="o">332.72209595 LEE</subfield>
    <subfield code="p">A01689520</subfield>
    <subfield code="r">2021-04-26 00:00:00</subfield>
    <subfield code="y">B</subfield>
  </datafield>
</record>
